000 01200cam a22002651i 4500
003 SA-RiAUC
005 20250417061608.0
008 250416s2010____jo g 000 0 ara c
040 _aSA-RiIMS
_bara
_cSA-RiAUC
_erda
082 0 4 _a257.5
_qSA-RiAUC
090 _a257.5
_b ع م ر
100 1 _aالعمر، أيمن محمد عمر
_eمؤلف.
245 1 2 _aالمستجدات في وسائل الإثبات في العبادات والمعاملات والحقوق والحدود والجنايات /
_cأيمن محمد عمر العمر.
250 _aالطبعة الثانية.
264 1 _aعمان، الأردن :
_bالدار العثمانية للنشر،
_c2010
300 _a581 صفحة ؛
_c24 سم
336 _aنص
_btxt
_2rdacontent
_3كتاب
337 _aبدون وسيط
_bn
_2rdamedia
338 _aمجلد
_bnc
_2rdacarrier
500 _aالأصل أطروحة (دكتوراه)- الجامعة الأردنية، كلية الشريعة، قسم الفقه وأصوله، 2002.
650 7 _aالإثبات (فقه إسلامي)
_2aucsh
650 7 _aالقضاء في الإسلام
_2aucsh
942 _2ddc
_cBOOK
_n0
949 _aSA-JeALM
_d250416
_umohamedma123
_n1
999 _c7099
_d7099